África do Sul (Record no. 131929)

MARC details
000 -LÍDER
campo de controle de tamanho fixo 00716 a2200193 4500
001 - NÚMERO DE CONTROLE
campo de controle 131929
020 ## - ISBN - INTERNATIONAL STANDARD BOOK NUMBER
ISBN - International Standard Book Number 85-7244-021-6
040 ## - FONTE DA CATALOGAÇÃO
Instituição que transcreveu o registro Leonardo Da Vinci
041 ## - CÓDIGO DE IDIOMA
Código do idioma do texto/trilha sonora ou título diferente Português
082 ## - CDD - CLASSIFICAÇÃO DECIMAL DE DEWEY
Número de Classificação 327.1 M198a
Número do exemplar M198a
100 ## - ENTRADA PRINCIPAL--NOME PESSOAL
Nome pessoal MAGNÓLI, Demétrio
245 ## - TÍTULO
Título África do Sul
Restante do título capitalismo e apartheid
260 ## - PUBLICAÇÃO, DISTRIBUIÇÃO, ETC.
Nome do editor, distribuidor, etc. Contexto
Data da publicação, distribuição, etc. 1992
Local de publicação, distribuição, etc. São Paulo
300 ## - DESCRIÇÃO FÍSICA
Extensão 83
362 ## - DATAS DE PUBLICAÇÃO E/OU DESIGNAÇÃO SEQUENCIAL
Datas de publicação e/ou designação sequencial 19920000
490 ## - TÍTULO DA SÉRIE
Título da série Repensando a geografia
697 ## - ENTRADA DE ASSUNTO LOCAL--ENTIDADE COLETIVA (RLIN)
Nome corporativo ou nome da jurisdição Ciências sociais
-- Geografia política
-- Enigma sul-africano
-- África austral
-- África do Sul
-- Economia capitalista
-- Tribo africânder
-- Geopolítica do Apartheid
-- Apartheid
-- República Sul-africana
-- Condições econômicas
-- História
-- Geopolítica
-- Segregação
942 ## - ELEMENTOS DE ENTRADA ADICIONADOS (KOHA)
Tipo de material Koha Livros
Holdings
Situação do descarte Situação das perdas Situação física Não pode ser emprestado Biblioteca de origem Biblioteca atual Data de aquisição Total de empréstimos Número de chamada completo Código de barras Data de último acesso Data do preço efetivo Tipo de material Koha
        Leonardo Da Vinci - Osasco Leonardo Da Vinci - Osasco 27/03/2024   327.1 M198a O006838 27/03/2024 27/03/2024 Livros